Cellular and molecular inmunology / (Registro nro. 34057)
[ vista simple ]
| 000 -LEADER | |
|---|---|
| fixed length control field | 01523nam a2200373 a 4500 |
| 001 - CONTROL NUMBER | |
| control field | 34057 |
| 003 - CONTROL NUMBER IDENTIFIER | |
| control field | Mx-PuUPA |
| 005 - DATE AND TIME OF LATEST TRANSACTION | |
| control field | 20260425111451.0 |
| 008 - FIXED-LENGTH DATA ELEMENTS--GENERAL INFORMATION | |
| fixed length control field | 140415s2026 ilua fr 000 0 eng d |
| 020 ## - INTERNATIONAL STANDARD BOOK NUMBER | |
| International Standard Book Number | 9780443283581 |
| 040 ## - CATALOGING SOURCE | |
| Transcribing agency | Mx-PuUPA |
| Original cataloging agency | Mx-PuUPA |
| Language of cataloging | spa |
| Modifying agency | Mx-PuUPA |
| Description conventions | rda |
| 041 0# - LANGUAGE CODE | |
| Language code of text/sound track or separate title | eng |
| 100 1# - MAIN ENTRY--PERSONAL NAME | |
| Personal name | Abbas, Abul K., |
| Relator term | autor |
| 9 (RLIN) | 637 |
| 245 10 - TITLE STATEMENT | |
| Title | Cellular and molecular inmunology / |
| Statement of responsibility, etc. | Abul K. Abbas, Andrew H. Lichtman, Shiv Pillai, Sarah E. Henrickson ; illustrations by David L. Baker |
| 250 ## - EDITION STATEMENT | |
| Edition statement | Eleventh edition |
| 264 #1 - PRODUCTION, PUBLICATION, DISTRIBUTION, MANUFACTURE, AND COPYRIGHT NOTICE | |
| Place of production, publication, distribution, manufacture | Philadelphia, PA : |
| Name of producer, publisher, distributor, manufacturer | Elsevier Inc., |
| Date of production, publication, distribution, manufacture, or copyright notice | ©2026 |
| 300 ## - PHYSICAL DESCRIPTION | |
| Extent | xi, 578 páginas : |
| Other physical details | ilustraciones, diagramas, tablas (en color) ; |
| Dimensions | 28 cm |
| 336 ## - CONTENT TYPE | |
| Fuente | rdacontent |
| Content type term | texto |
| Content type code | txt |
| 336 ## - CONTENT TYPE | |
| Fuente | rdacontent |
| Content type term | imagen fija |
| Content type code | sti |
| 337 ## - MEDIA TYPE | |
| Source | rdamedia |
| Media type term | sin medio |
| Media type code | n |
| 338 ## - CARRIER TYPE | |
| Source | rdacarrier |
| Carrier type term | volumen |
| Carrier type code | nc |
| 650 #7 - SUBJECT ADDED ENTRY--TOPICAL TERM | |
| Source of heading or term | armarc |
| Topical term or geographic name entry element | Inmunología celular |
| 650 #7 - SUBJECT ADDED ENTRY--TOPICAL TERM | |
| Source of heading or term | armarc |
| Topical term or geographic name entry element | Inmunología molecular |
| 700 1# - ADDED ENTRY--PERSONAL NAME | |
| Personal name | Abbas, Abul K., |
| Relator term | autor |
| 9 (RLIN) | 637 |
| 700 1# - ADDED ENTRY--PERSONAL NAME | |
| Personal name | Lichtman, Andrew H., |
| Relator term | autor |
| 9 (RLIN) | 638 |
| 700 1# - ADDED ENTRY--PERSONAL NAME | |
| Personal name | Pillai, Shiv, |
| Relator term | autor |
| 9 (RLIN) | 639 |
| 700 1# - ADDED ENTRY--PERSONAL NAME | |
| Personal name | Henrickson, Sarah E., |
| Relator term | autor |
| 700 1# - ADDED ENTRY--PERSONAL NAME | |
| Personal name | Baker, David L., |
| Relator term | ilustrador |
| 942 ## - ADDED ENTRY ELEMENTS (KOHA) | |
| Source of classification or shelving scheme | Dewey Decimal Classification |
| Koha item type | Libro |
| Classification part | 616.079 |
| Item part | A22 |
| Withdrawn status | Lost status | Source of classification or shelving scheme | Damaged status | Not for loan | Collection code | Home library | Current library | Shelving location | Date acquired | Source of acquisition | Cost, normal purchase price | Total Checkouts | Full call number | Barcode | Date last seen | Cost, replacement price | Price effective from | Koha item type |
|---|---|---|---|---|---|---|---|---|---|---|---|---|---|---|---|---|---|---|
| Dewey Decimal Classification | General | Biblioteca Karol Wojtyla | Biblioteca Karol Wojtyla | Sala general | 17/04/2026 | 2 | 2184.57 | 616.079 A22 2026 | 106561 | 08/05/2026 | 2184.57 | 17/04/2026 | Reserva permanente |